Statistics for First 200 Words of Harry Potter and the Goblet of Fire

Click here to take the quiz!

General Stats

  • This quiz has been taken 2,217 times
  • The average score is 91 of 200

Answer Stats

% Correct
The
96%
the
96%
"the
96%
a
95%
to
74%
in
73%
was
72%
it
72%
It
72%
of
71%
on
71%
House
70%
and
70%
house
70%
House,"
70%
there.
63%
there,
63%
so
61%
had
60%
Riddle
58%
were
56%
for
55%
been
53%
family
52%
that
51%
when
50%
village
48%
village,
48%
old
48%
many
47%
Little
47%
lived
46%
years
46%
called
45%
at
45%
hill
44%
though
44%
since
44%
what
43%
even
42%
all
42%
as...
41%
over
41%
from
41%
dead.
38%
down
37%
some
37%
Hangleton
35%
still
33%
its
33%
villagers
33%
stood
32%
into
30%
three
30%
story
29%
times,
29%
run
28%
room
28%
Riddles
27%
Every
27%
windows
27%
Once
27%
now
26%
maid
26%
find
25%
manor,
25%
before,
25%
place:
24%
ago,
24%
happened
23%
inhabitants
23%
strange
22%
morning,
22%
overlooking
22%
something
21%
roof,
21%
around,
20%
Hangletons
20%
truth
20%
nobody
20%
well
20%
liked
20%
gossip
19%
entered
19%
screaming
19%
Fifty
19%
looking
19%
sure
19%
tale,
18%
however,
18%
same
18%
older
18%
building
17%
kept
17%
ivy
17%
drawing
16%
Half
16%
started
16%
tiles
16%
fine
16%
missing
16%
century
16%
fine-
16%
quite
15%
miles
15%
"creepy."
15%
anymore.
15%
boarded,
15%
discuss
15%
summer's
14%
face.
14%
horrible
14%
places,
14%
scarce.
14%
topics
14%
agreed
14%
version
14%
derelict,
13%
largest
13%
grandest
13%
easily
12%
daybreak
12%
unoccupied.
12%
picked
12%
damp,
11%
unchecked
11%
impressive,
11%
embroidered
11%
spreading
11%
roused
10%

Score Distribution

Percentile by Number Answered

Percent of People with Each Score

Your Score History

You have not taken this quiz